000 00668nam a2200205 i 4500
001 20159
003 ES-MaACL
005 20250815062558.0
007 t|
008 021107m19351936sp |||| | spa d
100 1 _aAguado Bleye, Pedro,
_d1884-1954
_918617
245 1 0 _aCurso de historia para la Segunda Enseñanza /
_cpor Pedro Aguado Bleye.
250 _a2ª ed.
260 _aMadrid :
_bTalls. Espasa-Calpe,
_c1935-36.
300 _a3 v. :
_bil. ;
_c26 cm.
505 8 _aContiene: 1 ;
_tPrehistoria, Edad Antigua - 2 ;
_tEdad Media - 3 ;
_tEdad Moderna
650 7 _aHistoria universal
_2embne
_913429
852 _aES-MaACL
_jA-4286-88
999 _c20159
_d20159